000 00579nam a22001457a 4500
999 _c530999
_d530999
008 250722b ||||| |||| 00| 0 eng d
100 _aReviewed by Saurav Kumar Rai
_955575
245 _aSituating a legendary folklore hero in mainstream history
260 _aSocial Science in Perspective
300 _a17(2), Apr-Jun, 2025: p. 263-265
520 _aSinha, J.N. The Raja, the rebel and the monk: Fateh sahi's war against the East India Company. Gurugram: Penguin Books, 2025, 239p. Rs.599
773 _0Social Science in Perspective
906 _aBOOK REVIEW
942 _cAR